000 00577cam a2200181 a 4500
020 _a0822217848
082 0 0 _a792
_bHUG
_cN-1, P-155
100 1 _aIbsen, Henrik,
_945762
245 1 0 _aHenrik Ibsen's Hedda Gabler :
_bEnglish version /
_cby Doug Hughes.
260 _aNew York, NY :
_bDramatists Play Service,
_cc2001.
300 _a83 p. ;
_c20 cm.
_bill.
526 _a0
_b0
_c0
_d792_000000000000000_HUG
526 _a0
_b0
_c0
_d792_000000000000000_HUG
526 _a0
_b0
_c0
_d792_000000000000000_HUG
650 _aNUST
_96342
700 1 _aHughes, Doug.
_9310
942 _2ddc
_cBK
999 _c549218
_d549218